Music Quiz

Random Music or Artist Quiz

VMA Video of the Year Quiz Stats

 Plays Quiz Updated Jul 10, 2019

Score 0/36 Timer 06:00
0 Plays Today
Year Video % Correct
2014Wrecking Ball
66.4%
2004Hey Ya!
65%
2007Umbrella
64.9%
1995Waterfalls
58.7%
2001Lady Marmalade
57.2%
2009Single Ladies (Put a Ring on It)
49.4%
2018Havana
46.8%
1991Losing My Religion
44%
2015Bad Blood
43.7%
1993Jeremy
42.5%
2005Boulevard of Broken Dreams
40.4%
2000The Real Slim Shady
38.9%
2019You Need to Calm Down
34.7%
1986Money for Nothing
34.6%
2013Mirrors
33.5%
1987Sledgehammer
33.4%
1990Nothing Compares 2 U
33.3%
1997Virtual Insanity
32.9%
Year Video % Correct
2017HUMBLE
32.3%
2012We Found Love
32%
1985The Boys of Summer
31.4%
1996Tonight, Tonight
24.6%
1999Doo Wop (That Thing)
24.1%
1998Ray of Light
23.6%
2002Without Me
22.5%
2016Formation
21.9%
2006I Write Sins Not Tragedies
21.5%
1994Cryin'
19.7%
2003Work It
19.3%
1992Right Now
16.1%
1988Need You Tonight/Mediate
16%
2008Piece of Me
15%
1984You Might Think
11.5%
2010Bad Romance
10.4%
2011Firework
10.1%
1989This Note's for You
4.4%

You're not logged in!

Compare scores with friends on all Sporcle quizzes.
OR
Log In

Sporcle TV

Today on Sporcle TV


Watch our educational content, quiz creation guides, and fun videos on Sporcle TV.

Show Comments

Extras

Top Quizzes Today


Score Distribution

Your Account Isn't Verified!

In order to create a playlist on Sporcle, you need to verify the email address you used during registration. Go to your Sporcle Settings to finish the process.

Report this User

Report this user for behavior that violates our Community Guidelines.

Details: